<?xml version="1.0" encoding="UTF-8"?><?xml-stylesheet type="text/xsl" href="static/style.xsl"?><OAI-PMH xmlns="http://www.openarchives.org/OAI/2.0/" xmlns:xsi="http://www.w3.org/2001/XMLSchema-instance" xsi:schemaLocation="http://www.openarchives.org/OAI/2.0/ http://www.openarchives.org/OAI/2.0/OAI-PMH.xsd"><responseDate>2026-04-13T05:35:09Z</responseDate><request verb="GetRecord" identifier="oai:www.recercat.cat:2117/328368" metadataPrefix="marc">https://recercat.cat/oai/request</request><GetRecord><record><header><identifier>oai:recercat.cat:2117/328368</identifier><datestamp>2025-07-22T21:07:01Z</datestamp><setSpec>com_2072_1033</setSpec><setSpec>col_2072_452951</setSpec></header><metadata><record xmlns="http://www.loc.gov/MARC21/slim" xmlns:dcterms="http://purl.org/dc/terms/" xmlns:xsi="http://www.w3.org/2001/XMLSchema-instance" xmlns:doc="http://www.lyncode.com/xoai" xsi:schemaLocation="http://www.loc.gov/MARC21/slim http://www.loc.gov/standards/marcxml/schema/MARC21slim.xsd">
   <leader>00925njm 22002777a 4500</leader>
   <datafield ind2=" " ind1=" " tag="042">
      <subfield code="a">dc</subfield>
   </datafield>
   <datafield ind2=" " ind1=" " tag="720">
      <subfield code="a">González Morlans, Raul</subfield>
      <subfield code="e">author</subfield>
   </datafield>
   <datafield ind2=" " ind1=" " tag="260">
      <subfield code="c">2007</subfield>
   </datafield>
   <datafield ind2=" " ind1=" " tag="520">
      <subfield code="a">La existencia de aspectos concurrentes entre la seguridad vial y la Prevención de Riesgos Laborales es fácil de intuir El que los accidentes de trafico puedan ser, simultáneamente, accidentes de trabajo es un concepto bien introducido en nuestra cultura económica, jurídica y laboral.&#xd;
Más difícil es precisar su marco jurídico común. Desde la Prevención de Riesgos Laborales se ha considerado siempre la Seguridad Vial como un aspecto preventivo al margen de su capacidad de intervención activa, recepcionando sus efectos en el ámbito de los contratos de trabajo, pero no en la planificación de las medidas de Prevención de Riesgos Laborales.&#xd;
No hay una concepción de relación de causalidad interactiva entre la Prevención de Riesgos Laborales y los accidentes de trabajo vinculados a la Seguridad Vial. Hasta ahora ha estado vinculada solo al régimen de protección de los accidentes de trabajo, como resultado y no como actividad preventiva.</subfield>
   </datafield>
   <datafield tag="653" ind2=" " ind1=" ">
      <subfield code="a">Àrees temàtiques de la UPC::Edificació::Seguretat en la construcció</subfield>
   </datafield>
   <datafield tag="653" ind2=" " ind1=" ">
      <subfield code="a">Industrial safety</subfield>
   </datafield>
   <datafield tag="653" ind2=" " ind1=" ">
      <subfield code="a">Roads -- Design and construction</subfield>
   </datafield>
   <datafield tag="653" ind2=" " ind1=" ">
      <subfield code="a">Seguretat en el treball</subfield>
   </datafield>
   <datafield tag="653" ind2=" " ind1=" ">
      <subfield code="a">Carreteres -- Disseny i construcció</subfield>
   </datafield>
   <datafield ind2="0" ind1="0" tag="245">
      <subfield code="a">Los Riesgos laborales viales y su prevención</subfield>
   </datafield>
</record></metadata></record></GetRecord></OAI-PMH>